| 000 | 00908nam a2200241 a 4500 | ||
|---|---|---|---|
| 001 | 14126 | ||
| 003 | BD-JhCC | ||
| 005 | 20241230090830.0 | ||
| 008 | 241212b2023 b |||| ||a| 000 0 b d | ||
| 020 | _a9789848004205 | ||
| 035 | _a(BD-JhCC)14126 | ||
| 040 |
_aBD-JhCC _dBD-JhCC |
||
| 041 | _abengali | ||
| 082 |
_a158 _bMEU 2023 |
||
| 100 | _a মিউরিস,থিবাউট | ||
| 245 |
_aস্ট্র্যাটেজিক মাইন্ডসেট: _bকৌশলের সাথে জীবন-যাপনের ৭ দিনের পরিকল্পনা / _cথিবাউট মিউরিস,অনু:সাইদুর রহমান । |
||
| 260 |
_aঢাকা: _bঅনুভুতি; _c2023. |
||
| 300 |
_a80 p. : _c21 cm. |
||
| 650 | _aSelf-development and meditation. | ||
| 700 | _aরহমান,সাইদুর | ||
| 942 |
_2ddc _cBK |
||
| 999 |
_c14126 _d14126 |
||